| 000 | 00727nam a22002537a 4500 | ||
|---|---|---|---|
| 005 | 20230817112635.0 | ||
| 008 | 220314b ||||| |||| 00| 0 eng d | ||
| 020 | _a9789355401571 | ||
| 040 | _cAL | ||
| 041 | _aEnglish | ||
| 082 |
_223 _a658.87 _bRAVR |
||
| 100 |
_aB S Ravishankar and others _9130081 |
||
| 245 | _aRetail Management | ||
| 260 |
_aLudhiana _bKalyani Publishers _c2022 |
||
| 300 |
_a317 p. _bPB _c24x18 cm. |
||
| 365 |
_a6351 _b₹180.00 _c₹ _d₹225.00 _e20% _f10-03-2022 |
||
| 650 |
_aManagement _923549 |
||
| 650 |
_a Open Elective Course _9130082 |
||
| 650 |
_aII SEM BBA _923550 |
||
| 650 |
_aNEP _9130083 |
||
| 700 |
_aRAVISHANKAR (B S) _923551 |
||
| 700 |
_aSHANKARA (A) _923552 |
||
| 942 |
_2ddc _cBK |
||
| 999 |
_c221851 _d221851 |
||